MARC

LEADER 00000nam0a2200000 4500
001 72692
005 20231101212647.0
035 |a (RuTPU)RU\TPU\book\77519 
090 |a 72692 
100 |a 20050128d1979 km y0rusy50 ca 
101 0 |a rus 
102 |a RU 
105 |a a z 001zy 
200 1 |a Эксплуатация и ремонт электрооборудования металлургических заводов  |f Н. В. Бражников, И. С. Рапопорт 
210 |a Москва  |c Металлургия  |d 1979 
215 |a 247 с.  |c ил. 
320 |a Библиогр.: с. 247. 
606 1 |a Металлургические заводы  |x Электрооборудование  |x Эксплуатация  |x Ремонт  |x Запасные части  |2 stltpush  |3 (RuTPU)RU\TPU\subj\42864  |9 62481 
610 1 |a электроснабжение 
610 1 |a оборудование 
610 1 |a обслуживание 
610 1 |a наладка 
610 1 |a распределительные устройства 
610 1 |a трансформаторы 
610 1 |a электрические сети 
610 1 |a электроприводы 
610 1 |a электрические машины 
610 1 |a полупроводниковые преобразователи 
610 1 |a аппараты управления 
675 |a 669.02-8  |v 3 
700 1 |a Бражников  |b Н. В.  |g Николай Васильевич 
701 1 |a Рапопорт  |b И. С.  |g Илья Савельевич 
801 1 |a RU  |b 63413507  |c 20050128  |g PSBO 
801 2 |a RU  |b 63413507  |c 20160603  |g PSBO 
942 |c BK